000 00594nam a2200205Ia 4500
003 GCL
008 140319s9999 xx 000 0 ara d
040 _aGCL /
_cGCL
082 0 4 _a810.9
_bص ن
100 1 _aصلاح فضل
245 1 0 _aنظرية البنائية فى النقد الادبى /
_cصلاح فضل
260 _a[S.N] :
_bمكتبة الانجلوالمصرية
300 _a505 ص
490 _a
650 0 4 _aالشعر العربى
650 0 4 _aالادب العربى
650 0 4 _aاللغة العربية
650 0 4 _aتاريخ ونقد
942 _2ddc
_cBK
999 _c32522
_d32522